| 000 | 00574nam a2200169 a 4500 | ||
|---|---|---|---|
| 001 | 60491 | ||
| 005 | 20180714061754.0 | ||
| 008 | 140415s2011 mx 000 0 spa d | ||
| 020 | _a97860711 | ||
| 041 | _aspa | ||
| 082 |
_a320.97207 _bVAZ |
||
| 100 | 1 | _aVAZQUEZ MOTA, JOSEFINA | |
| 245 | 1 | 0 |
_aNUESTRA OPORTUNIDAD : _bUN MEXICO PARA TODOS |
| 250 | _a1a ed. | ||
| 260 |
_aMEXICO : _bSANTILLANA EDICIONES GENERALES, S. A. DE C. V., _c2011 |
||
| 650 | 1 | 4 |
_aPOLITICA _xMEXICO _xHISTORIA _xSIGLO XXI _x _x _xPROYECTO NACIONAL _xMEXICO _x _x _xMEXICO _xCONDICIONES POLITICAS |
| 999 |
_c60491 _d60491 |
||